| 000 | 01388nam a22002297a 4500 | ||
|---|---|---|---|
| 999 |
_c58256 _d58256 |
||
| 003 | Ge_BSU | ||
| 005 | 20211011134148.0 | ||
| 008 | 211011s2021 ge ||||| |||| 00| 0 geo d | ||
| 020 | _a9789941834264 | ||
| 041 | _ageo | ||
| 080 | _a347.9 : 340.122 დ-86 | ||
| 100 |
_aდუორკინი, რონალდ _912635 |
||
| 245 |
_aრთული შემთხვევები / _cრონალდ დუორკინი ; ნინო ქარქუსაშვილისა და ლაშა ლურსმანაშვილის თარგმანი ; დიმიტრი გეგენავას რედაქტორობით. |
||
| 264 |
_aთბილისი : _bსულხან-საბა ორბელიანის უნივერსიტეტის გამომცემლობა, _c2021. |
||
| 300 |
_a112 გვ. ; _b20 სმ. |
||
| 504 | _aბიბლიოგრაფია ტექსტის შენიშვნებში. | ||
| 653 | _aსამართალი | ||
| 700 |
_aქარქუსაშვილი, ნინო _eმთარგმნელი _912636 |
||
| 700 |
_aლურსმანაშვილი, ლაშა _eმთარგმნელი _98138 |
||
| 700 |
_aგეგენავა, დიმიტრი _eრედაქტორი _912637 |
||
| 942 |
_2udc _cBK |
||